| 000 | 01413naa a22003017a 4500 | ||
|---|---|---|---|
| 001 | BR9600415 | ||
| 003 | BR-BrBNA | ||
| 005 | 20240918181813.0 | ||
| 007 | ta | ||
| 008 | 230509b bl.||||| |||| 00| 0 por d | ||
| 040 |
_aBR-BrBNA _bpor _cBiblioteca Nacional de Agricultura |
||
| 041 | _a(Pt) | ||
| 072 |
_aH10 _b3140 _b4020 |
||
| 090 | _aH10 BR9600415 | ||
| 100 | 1 | _aSantos, H.R. dos | |
| 100 | 1 | _aPires, P. de T. de L. | |
| 111 | 1 |
_a1. Congresso Florestal Panamericano7. Congresso Florestal Brasileiro _cCuritiba, PR (Brazil) _d19-24 Sep 1993 |
|
| 245 | 1 | _aComparacao da eficiencia dos inimigos naturais da vespa da madeira Sirex noctilio no Sul do Brasil | |
| 260 | 3 |
_aCuritiba, PR (Brasil): _c1993. |
|
| 500 | _aAnais, 1. Congresso Florestal Panamericano. 7. Congresso Florestal Brasileiro. Floresta para desenvolvimento: politica, ambiente, tecnologia e mercado. Trabalhos voluntarios e posters. v. 1. Curitiba, PR (Brasil): 1993. p. 178-180 (BR9600415-AM)H10 | ||
| 650 | _aPinheiro | ||
| 650 | _aVespa-da-Madeira | ||
| 650 | _aParasitismo | ||
| 650 | _aRegiao Sul | ||
| 773 | 0 |
_tAnais, 1. Congresso Florestal Panamericano. 7. Congresso Florestal Brasileiro. Floresta para desenvolvimento: politica, ambiente, tecnologia e mercado. Trabalhos voluntarios e posters. v. 1. _wH10 BR9600415 _gCuritiba, PR (Brasil), 1993. p. 178-180 |
|
| 909 |
_a202404 _bLucia _c55 _dLucia Elande |
||
| 942 |
_cAM _2AGRIS |
||
| 999 |
_c326926 _d326926 |
||